[Event "ALG Cup"]
[Site "Bejaia"]
[Date "2020.02.28"]
[Round "2"]
[White "Chabane, Amine"]
[Black "Djeddi, Mohamed"]
[Result "0-1"]
[WhiteElo "1261"]
[BlackElo "1875"]
[PlyCount "72"]
[EventDate "2020.02.27"]
[EventType "swiss"]
[EventRounds "7"]
[EventCountry "ALG"]
[SourceTitle "CBM 195 Extra"]
[Source "ChessBase"]
[SourceDate "2020.05.31"]
[SourceVersion "1"]
[SourceVersionDate "2020.05.31"]
[SourceQuality "1"]

1. e4 e5 2. Nf3 Nc6 3. Bc4 Bc5 4. 0-0 Nf6 5. d4 Bxd4 6. Nxd4 Nxd4 7. Bg5 d6 8. f4 Be6 9. Bxe6 Nxe6 10. Qf3 h6 11. Bxf6 Qxf6 12. f5 Nd4 13. Qc3 Ne2+ 14. Kh1 Nxc3 15. Nxc3 c6 16. Rad1 0-0 17. g3 Rad8 18. h4 b5 19. a3 a5 20. Na2 d5 21. exd5 Rxd5 22. Rxd5 cxd5 23. Nc3 Qc6 24. Re1 f6 25. g4 b4 26. axb4 axb4 27. Na2 Qxc2 28. Nxb4 Qd2 29. Rb1 Qxb4 30. Kg1 Qxg4+ 31. Kf1 Qxf5+ 32. Kg2 Qxb1 33. h5 Rb8 34. b4 Rxb4 35. Kf2 Rb3 36. Ke2 Qc2+ 0-1